The Instruments and Operating Procedures for Conducting Monetary Policy in the Group of Five Countries.

This paper examines and compares the instruments and procedures currently employed by the central banks of France, Germany, Japan, the United Kingdom, and the United States for implementing monetary policy in the short run. The analysis indicates that the monetary authorities of these five countries...

תיאור מלא

מידע ביבליוגרפי
מחבר תאגידי: International Monetary Fund
פורמט: כתב-עת
שפה:English
יצא לאור: Washington, D.C. : International Monetary Fund, 1989.
סדרה:IMF Working Papers; Working Paper ; No. 1989/057
גישה מקוונת:Full text available on IMF
LEADER 01681cas a2200241 a 4500
001 AALejournalIMF010076
008 230101c9999 xx r poo 0 0eng d
020 |c 5.00 USD 
020 |z 9781451967074 
022 |a 1018-5941 
040 |a BD-DhAAL  |c BD-DhAAL 
110 2 |a International Monetary Fund. 
245 1 4 |a The Instruments and Operating Procedures for Conducting Monetary Policy in the Group of Five Countries. 
264 1 |a Washington, D.C. :  |b International Monetary Fund,  |c 1989. 
300 |a 1 online resource (66 pages) 
490 1 |a IMF Working Papers 
500 |a <strong>Off-Campus Access:</strong> No User ID or Password Required 
500 |a <strong>On-Campus Access:</strong> No User ID or Password Required 
506 |a Electronic access restricted to authorized BRAC University faculty, staff and students 
520 3 |a This paper examines and compares the instruments and procedures currently employed by the central banks of France, Germany, Japan, the United Kingdom, and the United States for implementing monetary policy in the short run. The analysis indicates that the monetary authorities of these five countries focus on influencing certain short-term interest rates in implementing monetary policy. Thus, to the extent that interest rate developments affect the behavior of exchange rates, this analysis facilitates ascertaining changes in monetary policies in the G-5 countries and their exchange rate implications. 
538 |a Mode of access: Internet 
830 0 |a IMF Working Papers; Working Paper ;  |v No. 1989/057 
856 4 0 |z Full text available on IMF  |u http://elibrary.imf.org/view/journals/001/1989/057/001.1989.issue-057-en.xml  |z IMF e-Library